000
00218 a2200097 4500
001
59863
100
_a
245
_a
Advances in Image and Video Segmentation
260
_a
USA
_b
IRM Press
_c
2006
090
_c
36698
_d
36698
942
_a
NUST-CAE
_c
_c
29666
999
_c
294936
_d
294936